Представление документа в формате RUSMARC

ПолеНазваниеЗначение
  Тип записи a
  Библиографический уровень m
001 Контрольный номер dc063d8a62ae42dda8273aca3e86c887
005 Дата корректировки 20201206205144.7
100 Данные общей обработки __
a Данные общей обработки 19181001d2015||||||| 0rusy0189 ca
101 Язык документа 0_
a Язык текста rus
102 Страна публикации __
a Страна публикации ru
105 Кодированные данные (монография) __
a Кодированные данные (монография) #||||||i001zy
200 Заглавие и сведения об ответственности 1_
a Заглавие Краеведение в России: история и современность
e Сведения, относящиеся к заглавию указатель литературы за 1991 - 2010 гг.
f Первые сведения об ответственности Российская национальная библиотека ; [составитель: Л. С. Николаева ; редактор: Н. М. Балацкая ]
b Общее обозначение материала Текст
210 Выходные данные __
a Место издания Санкт-Петербург
c Издательство Российская национальная библиотека
d Дата издания 2015
606 Тематические рубрики __
a Основная рубрика Литература универсального содержания
606 Тематические рубрики __
a Основная рубрика Библиографические пособия
z Хронологическая подрубрика 20 в.
z Хронологическая подрубрика 21 в.
y Географическая подрубрика Российская Федерация
y Географическая подрубрика Россия
y Географическая подрубрика РФ
606 Тематические рубрики __
a Основная рубрика География
606 Тематические рубрики __
a Основная рубрика Краеведение
z Хронологическая подрубрика 20 в.
z Хронологическая подрубрика 21 в.
y Географическая подрубрика Российская Федерация
y Географическая подрубрика Россия
y Географическая подрубрика РФ
610 Ключевые слова __
a Ключевые слова авторефераты диссертаций
a Ключевые слова библиографические данные
a Ключевые слова библиографические издания
a Ключевые слова библиографические материалы
a Ключевые слова библиографические пособия
a Ключевые слова библиографические указатели
a Ключевые слова библиография краеведческой литературы
a Ключевые слова историческое краеведение
a Ключевые слова история краеведения
a Ключевые слова книги
a Ключевые слова краеведческая библиография
a Ключевые слова краеведческая деятельность
a Ключевые слова краеведческие документы
a Ключевые слова музеи
a Ключевые слова периодические издания
a Ключевые слова рецензии
686 Индексы других классификаций __
2 Код системы rubbks
a Классификационный индекс 91.9:2
686 Индексы других классификаций __
2 Код системы rubbks
a Классификационный индекс 26.89(2)я1
702 Вторичная интеллектуальная ответственность _1
a Фамилия Николаева
b Имя Л. С.
4 Код отношения Составитель
g Полное личное имя Людмила Сергеевна
4 Код отношения 220
702 Вторичная интеллектуальная ответственность _1
a Фамилия Балацкая
b Имя Н. М.
4 Код отношения Редактор
g Полное личное имя Надежда Михайловна
4 Код отношения 340
711 Наименование организации. (Альтернативная ответственность) __
a Организация/ юрисдикция Российская национальная библиотека
801 Источник записи _0
a Страна ru
b Организация Муниципальное бюджетное учреждение культуры "Централизованная библиотечная система" г. Сургут (Центральная городская библиотека им. А. С. Пушкина)
c Дата составления 20181001
g Правила каталогизации rpk
801 Источник записи _1
a Страна ru
b Организация Муниципальное бюджетное учреждение культуры "Централизованная библиотечная система" г. Сургут (Центральная городская библиотека им. А. С. Пушкина)
c Дата составления 20181001
g Правила каталогизации rpk
852 Данные о местонахождении __
j Шифр хранения 91.9:2
i Авторский знак К 77
901 Тип документа __
t Тип документа v
a Ответственный КиК/Лукашук
903 Характеристики (МАРС) __
a Дата передачи 20181001
969 Тип издания __
a Тип издания библиографический указатель; указатель